| 000 | 01777nam0a2200385 4500 | ||
|---|---|---|---|
| 001 | RU\NLR\bibl\467682 | ||
| 005 | 20260405072040.0 | ||
| 010 |
_a5-7205-0516-4 _92000 |
||
| 021 |
_aRU _b2003-51922 _92513 |
||
| 035 | _a(NLR Aleph) 000461017 | ||
| 090 |
_a933933 _c933933 |
||
| 100 | _a20031202d2003 |||y0rusy50 ca | ||
| 101 | 0 |
_arus _deng |
|
| 102 | _aRU | ||
| 105 | _ac ||||||||| | ||
| 200 | 1 |
_aНационально-культурная автономия в Российской Федерации _dNational cultural autonomy in the Russian Federation _fТ. Я. Хабриева _gИн-т законодательства и сравнит. правоведения при Правительстве Рос. Федерации _zeng |
|
| 210 |
_aМ. _cЮрид. дом "Юстицинформ" _d2003 |
||
| 215 |
_a255 с. _cпортр. _d22 |
||
| 300 | _aАвт. также на англ. яз.: Khabriyeva Taleya | ||
| 300 | _aРез. на англ. яз. | ||
| 300 | _aСведения об авт. парал. на рус. и англ. яз. | ||
| 320 | _aКн. авт.: с. 248 | ||
| 320 | _aБиблиогр. в подстроч. примеч. | ||
| 510 | 1 |
_6z55790 _aNational cultural autonomy in the Russian Federation _zeng |
|
| 606 | 0 |
_aАвтономии _yРоссийская Федерация _92328752 _3RU\NLR\auth\661392718 |
|
| 686 | _aХ620.412 | ||
| 700 | 1 |
_4070 _8rus _7ca _aХабриева _bТ. Я. _f1958- _gТалия Ярулловна _3RU\NLR\AUTH\7718776 _91852 |
|
| 790 | 1 |
_4070 _7ba _8rus _aChabrieva _bT. J. _f1958- _gTalija Jarullovna _3RU\NLR\auth\7718777 _91853 |
|
| 801 | 0 |
_aRU _bNLR _c20031202 _gPSBO |
|
| 801 | 1 |
_aRU _bNLR _c20031202 |
|
| 830 | _aАвт. по кн. | ||
| 942 | _cBOOK | ||
| 980 | _aNB | ||